| 000 | 00612nam a2200229Ia 4500 | ||
|---|---|---|---|
| 003 | BUBTL | ||
| 008 | 151213s9999 xx 000 0 und d | ||
| 020 | _a812030871-9 | ||
| 082 | _a512/A631a | ||
| 100 |
_aArtin, Michael _93684 |
||
| 245 |
_aAlgebra _cMichal Artin |
||
| 250 | _a1st | ||
| 260 |
_aNew Delhi _bPrentic Hall of India _cc1961 |
||
| 300 |
_a[xviii] , 618p . : _bill . ; 23cm. |
||
| 500 | _aIncludes Index | ||
| 650 |
_aMathematics _93685 |
||
| 650 |
_aMathematics _93685 |
||
| 700 |
_aMichal Artin _93686 |
||
| 856 |
_k0 _l0 _yDownload |
||
| 942 |
_2ddc _cBK |
||
| 999 |
_c3354 _d3354 |
||